000
00285nam a22001217a 4500
008
170428b xxu||||| |||| 00| 0 eng d
041
_a
eng
080
_a
34
100
_a
13
101
_a
SHJ
245
_a
JUVENILE DELINQUENCY THEORY PRACTICE LAW
_c
SIEGEL.L.J
942
_2
udc
_c
BK
999
_c
12305
_d
12305